000 01435nam a2200277Ia 4500
003 OSt
005 20221005105758.0
006 a|||||r|||| 00| 0
007 ta
008 221004b |||||||| |||| 00| 0 hin d
020 _a9788173094514 (hbk)
_c190
024 _a12049
037 _b1138, 20/03/2014, Anamika Publishers & Distributors Pvt. Ltd.
_cTextual
040 _aCRL
_cCRL
_bhin
041 _2hin
_ahin
082 _aO152,6N11x, Q1
100 _aवात्स्यायन ‘अज्ञेय’, सच्चिदानंद हीरानंद
_9623936
245 0 _aसाहित्य, संस्कृति और समाज परिवर्तन की प्रक्रिया
246 _aSāhitya, sanskṛuti aur samāj parivartan kī prakriyā
260 _aनई दिल्ली
_bसस्ता साहित्य मण्डल प्रकाशन भारत
_c2011
300 _a167पृ0
_ccm.
650 _aहिन्दी साहित्य
700 _a पालीवाल, कृष्णदत्त, संपा.
942 _hO152,6N11x, Q1
_cTEXL
_2cc
999 _c1016878
_d1016878